=LDR 00000nam 2200000 4500 =001 INLIS000000000001412 =005 20130612085823 =008 ***********************************Ind** =035 ##$$0010-061300000001412 =041 ##$$a Ind =082 ##$$a 891.4 =090 ##$$a 891.4, Dut-s =100 ##$$a DUTT, Indu =245 ##$$a Surat wasiat Rabidranath Tagore, Indu Dutt; Penerjemah, Sumaryono Basuki; Penyunting, J. Gusti Ngurah Bagus =260 ##$$a 1998 $b Denpasar =300 ##$$a v, 195 hlm, 21 cm =650 ##$$a Kesusastraan India =700 ##$$a BASUKI, Sunaryono =850 ##$$a NBPNMAT